000 00550nam a2200205Ia 4500
005 20250923145511.0
008 008 250917s9999 xx 000 0 eng d
037 _aTextual
040 _aDSWL
_beng
_cDSWL
041 _aeng
_2eng
084 _aYv44, N79
_qDSWL
100 _aMukherjee, R.
_9835974
245 0 _aSociology of Indian Sociology
_c by R.Mukherjee
260 _aBombay
_bAllied
_c1979
300 _avi,199p.
365 _aINR
_b45
925 _g45
942 _cTEXL
_hYv44, N79
999 _c1452118
_d1452118